Lasers and electro-optics : fundamentals and engineering /
Đã lưu trong:
| Tác giả chính: | |
|---|---|
| Định dạng: | Sách |
| Ngôn ngữ: | English |
| Được phát hành: |
Cambridge; New York :
Cambridge University Press,
1996.
|
| Những chủ đề: | |
| Các nhãn: |
Thêm thẻ
Không có thẻ, Là người đầu tiên thẻ bản ghi này!
|
| Thư viện lưu trữ: | Mạng thư viện Đại học Đà Nẵng |
|---|
| LEADER | 00891cam a2200337 i 4500 | ||
|---|---|---|---|
| 001 | 000046133 | ||
| 003 | 5405 | ||
| 005 | 20030217093625.0 | ||
| 008 | 010220|1996 vm 000 eng | ||
| 020 | |a 0521484030 (pbk.) | ||
| 040 | |a IRC |c IRC |d IRC | ||
| 041 | 0 | |a eng | |
| 082 | 1 | 4 | |a 621.36 |b DA-C |
| 100 | 1 | |a Davis, Christopher C., |d 1944- | |
| 245 | 0 | 0 | |a Lasers and electro-optics : |b fundamentals and engineering / |c Christopher C. Davis, 1944- |
| 260 | |a Cambridge; New York : |b Cambridge University Press, |c 1996. | ||
| 300 | |a xxi, 720p. | ||
| 630 | 0 | 4 | |a Laser. |
| 630 | 0 | 4 | |a Electrooptics. |
| 650 | 0 | 4 | |a Lasers. |
| 650 | 0 | 4 | |a Electrooptics. |
| OWN | |a DUT | ||
| 999 | |a From the UDN01 | ||
| TYP | |a Monograph | ||
| TYP | |a Printed language | ||
| 980 | |a Mạng thư viện Đại học Đà Nẵng | ||


